Chicken soup for the college soul : (Record no. 1167)

MARC details
000 -LEADER
fixed length control field 01643cam a22003854a 4500
005 - DATE AND TIME OF LATEST TRANSACTION
control field 20260322212049.0
008 - FIXED-LENGTH DATA ELEMENTS--GENERAL INFORMATION
fixed length control field data
010 ## - LIBRARY OF CONGRESS CONTROL NUMBER
LC control number 99022238
020 ## - INTERNATIONAL STANDARD BOOK NUMBER
International Standard Book Number 1558747036 (hardcover)
020 ## - INTERNATIONAL STANDARD BOOK NUMBER
International Standard Book Number 1558747028 (pbk.)
020 ## - INTERNATIONAL STANDARD BOOK NUMBER
International Standard Book Number 1558747052 (audio tape)
020 ## - INTERNATIONAL STANDARD BOOK NUMBER
International Standard Book Number 1558747044 (audio CD)
020 ## - INTERNATIONAL STANDARD BOOK NUMBER
International Standard Book Number 9781558747029 (pbk.)
020 ## - INTERNATIONAL STANDARD BOOK NUMBER
International Standard Book Number 9781558747036 (hardcover)
020 ## - INTERNATIONAL STANDARD BOOK NUMBER
International Standard Book Number 9781558747043 (audio CD)
020 ## - INTERNATIONAL STANDARD BOOK NUMBER
International Standard Book Number 9781558747050 (audio tape)
040 ## - CATALOGING SOURCE
Original cataloging agency DLC
Transcribing agency DLC
Modifying agency DLC
042 ## - AUTHENTICATION CODE
Authentication code pcc
050 00 - LIBRARY OF CONGRESS CALL NUMBER
Classification number BJ1661
Item number .C26 1999
082 00 - DEWEY DECIMAL CLASSIFICATION NUMBER
Classification number 158.1/28/0842
Edition information 21
092 ## - LOCALLY ASSIGNED DEWEY CALL NUMBER (OCLC)
Classification number 158.1 Chi 1999
001 - CONTROL NUMBER
control field data
245 10 - TITLE STATEMENT
Title Chicken soup for the college soul :
Remainder of title inspiring and humorous stories about college /
Statement of responsibility, etc. Jack Canfield.
260 ## - PUBLICATION, DISTRIBUTION, ETC.
Place of publication, distribution, etc. Deerfield Beach, Fla. :
Name of publisher, distributor, etc. Health Communications,
Date of publication, distribution, etc. c1999.
300 ## - PHYSICAL DESCRIPTION
Extent xxvii, 340 p. :
Other physical details ill. ;
Dimensions 23 cm.
650 #0 - SUBJECT ADDED ENTRY--TOPICAL TERM
Topical term or geographic name entry element College students
General subdivision Conduct of life.
700 1# - ADDED ENTRY--PERSONAL NAME
Personal name Canfield, Jack,
Dates associated with a name 1944-
856 42 - ELECTRONIC LOCATION AND ACCESS
Materials specified Publisher description
Uniform Resource Identifier <a href="http://www.loc.gov/catdir/enhancements/fy0727/99022238-d.html">http://www.loc.gov/catdir/enhancements/fy0727/99022238-d.html</a>
856 41 - ELECTRONIC LOCATION AND ACCESS
Materials specified Sample text
Uniform Resource Identifier <a href="http://www.loc.gov/catdir/enhancements/fy0727/99022238-s.html">http://www.loc.gov/catdir/enhancements/fy0727/99022238-s.html</a>
856 42 - ELECTRONIC LOCATION AND ACCESS
Materials specified Contributor biographical information
Uniform Resource Identifier <a href="http://www.loc.gov/catdir/enhancements/fy0735/99022238-b.html">http://www.loc.gov/catdir/enhancements/fy0735/99022238-b.html</a>
906 ## - LOCAL DATA ELEMENT F, LDF (RLIN)
a 7
b cbc
c orignew
d 1
e ocip
f 19
g y-gencatlg
925 0# -
-- acquire
-- 2 shelf copies
-- policy default
Holdings
Withdrawn status Lost status Damaged status Not for loan Home library Current library Shelving location Date acquired Total checkouts Full call number Barcode Date last seen Price effective from Koha item type
        Centerville Centerville General stacks 22/03/2026   158.1/28/0842 21 BC0011205 22/03/2026 22/03/2026 Books